| 000 | 00467nam a2200169 i 4500 | ||
|---|---|---|---|
| 001 | 76850 | ||
| 003 | ES-MaACL | ||
| 005 | 20240420063030.0 | ||
| 007 | t| | ||
| 008 | 041005s1967 sp ||||1| spa d | ||
| 100 | 1 |
_aGullón, Ricardo, _d1908-1991 _960938 |
|
| 245 | 1 | 0 |
_aPitagorismo y modernismo / _cRicardo Gullón. |
| 260 |
_aSantander : _b[s.n., _c1967] |
||
| 300 |
_a53 p. ; _c19 cm. |
||
| 852 |
_aES-MaACL _jC-34142 _bR.65013 |
||
| 999 |
_c76850 _d76850 |
||